Educational administration and organizational behavior / (Record no. 700)

000 -LEADER
fixed length control field 01167nam a22002297a 4500
003 - CONTROL NUMBER IDENTIFIER
control field OSt
005 - DATE AND TIME OF LATEST TRANSACTION
control field 20140116120835.0
008 - FIXED-LENGTH DATA ELEMENTS--GENERAL INFORMATION
fixed length control field 111027t xxu||||| |||| 00| 0 eng d
020 ## - INTERNATIONAL STANDARD BOOK NUMBER
International Standard Book Number 9780205334315
040 ## - CATALOGING SOURCE
Language of cataloging English
Transcribing agency Loc
050 ## - LIBRARY OF CONGRESS CALL NUMBER
Classification number LB2805 .H36 2003
100 ## - MAIN ENTRY--PERSONAL NAME
Personal name Hanson, Mark E.
245 ## - TITLE STATEMENT
Title Educational administration and organizational behavior /
Statement of responsibility, etc E. mark Hanson
250 ## - EDITION STATEMENT
Edition statement 5th ed.
260 ## - PUBLICATION, DISTRIBUTION, ETC. (IMPRINT)
Place of publication, distribution, etc Boston
Name of publisher, distributor, etc Pearson Education
Date of publication, distribution, etc 2003
300 ## - PHYSICAL DESCRIPTION
Extent xv, 350p.:
Other physical details ill.
504 ## - BIBLIOGRAPHY, ETC. NOTE
Bibliography, etc Includes bibliographic references and Index
505 ## - FORMATTED CONTENTS NOTE
Formatted contents note Organizational Behavior in Schools: an overview---The school as a Bureaucratic organization---Schools as Sociopolitical systems---the professional-Bureaucratic Interface: a case study---Open system Theory and Schools---Contingency Theory---organizational leadership and the School Administrator---Motivation and management---Organizational Communication---Educational marketing and the Public School---Conflict and Stress in Education---Organizational learning, Institutional Theory, and Reform---Educational change
650 ## - SUBJECT ADDED ENTRY--TOPICAL TERM
Topical term or geographic name as entry element Educational Administration
650 ## - SUBJECT ADDED ENTRY--TOPICAL TERM
Topical term or geographic name as entry element Organizational Behavior
942 ## - ADDED ENTRY ELEMENTS (KOHA)
Source of classification or shelving scheme
Koha item type Book
Holdings
Withdrawn status Lost status Source of classification or shelving scheme Damaged status Not for loan Home library Current library Shelving location Date acquired Total Checkouts Full call number Barcode Date last seen Date checked out Copy number Price effective from Koha item type
          Riara University Library Riara University Library General stack 27/10/2011 1 LB2805 .H36 2003 2788/11 24/10/2018 01/10/2018 C.1 27/10/2011 Book
          Riara University Library Riara University Library General stack 27/10/2011 2 LB2805 .H36 2003 2787/11 10/02/2023 23/01/2023 C.2 27/10/2011 Book

Riara University Library,
P.O. Box 49940-00100,
Nairobi, Kenya.